| 000 | 00976namaa22002771i 4500 | ||
|---|---|---|---|
| 003 | EG-GICUC | ||
| 005 | 20260604120213.0 | ||
| 008 | 260604m19889999su ||||jr|||| 000 0 ara d | ||
| 017 |
_a88 / 1713 _bدار الكتب والوثاثق القومية(مصر) |
||
| 040 |
_aEG-GiCUC _bara _cEG-GiCUC _dEG-GiCUC _erda |
||
| 082 | 0 | 4 |
_221 _a814 _bH6395 |
| 092 | 0 | 4 |
_221 _a814 _bH6395 |
| 099 | _a814 H6395 | ||
| 100 | 1 |
_aحجازى، احمد عبد المعطى، _d1935- _eمؤلف. |
|
| 245 | 1 | 0 |
_aحديث الثلاثاء / _cاحمد عبد المعطى حجازى. |
| 264 |
_aالرياض : _bدار لمريخ، _c1988- |
||
| 300 |
_aمجلدات _b؛ _c24 سم |
||
| 336 |
_2rdacontent _atext |
||
| 337 |
_2rdamedia _aUnmediated |
||
| 338 |
_2rdacarrier _avolume |
||
| 541 |
_aد . جابر عصفور ؛ _bالقاهرة ؛ _cإهداء ؛ _d2024. |
||
| 650 | 1 | 7 |
_aالمقالات العربية _2qrmak |
| 651 | 1 | _2qrmak | |
| 905 | _aNoha | ||
| 942 |
_2ddc _cBK _e21 _n0 |
||
| 999 |
_c180371 _d180371 |
||